Traduction Français/Anglais : II.4. Food and drink - Statistiques

Statistiques générales
  • Ce quiz a été pris 36 fois
    16 depuis la dernière actualisation
  • Le résultat moyen est 14 sur 50
Statistiques - réponses
Hint Réponse % Correct
un barbecue a barbecue
100%
un gâteau, un cake a cake
100%
un cuisinier, une cuisinière a cook
100%
une tasse a cup
100%
un dessert a dessert
100%
un hôte (celui qui reçoit) a host
100%
l'alcool alcohol
100%
une assiette a plate
100%
un restaurant a restaurant
100%
une cuillère a spoon
100%
la levure chimique baking powder
100%
le petit déjeuner breakfast
100%
des céréales cereal
100%
des frites chips
100%
le chocolat chocolate
100%
le dîner dinner
100%
le poisson fish
100%
frais, fraîchement fresh
100%
la crème glacée ice cream
100%
les ingrédients ingredients
100%
le lait milk
100%
l'huile oil
100%
l’oignon onion
100%
le poivre pepper
100%
le porc pork
100%
raffiné refined
100%
le sel salt
100%
savoureux tasty
100%
beurrer to butter
100%
goûter to taste
100%
boire to drink
67%
un jeûne a fast
50%
une poêle a frying pan
50%
une salade composée a salad
50%
une tranche a slice
50%
un en-cas a snack
50%
délicieux delicious
50%
du papier aluminium foil
50%
le jus de fruits fruit juice
50%
le porto port
50%
tendre tender
50%
mâcher to chew
50%
avaler to swallow
50%
une serviette a napkin /serviette
33%
des œufs brouillés scrambled eggs
33%
une chope a beer mug
0%
une boisson a beverage
0%
un biscuit a biscuit
0%
un pinceau, une brosse a brush
0%
un ragoût en cocotte a casserole
0%
une cocotte en fonte a cast iron casserole
0%
un traiteur a caterer
0%
les accompagnements accompaniments
0%
un chef de cuisine a chef
0%
une cafetière électrique a coffee maker
0%
un buffet froid a cold spread
0%
une cuisinière (à gaz, etc.) a cooker
0%
un bouchon a cork
0%
un tire-bouchon a corkscrew
0%
un plat a course
0%
une miette a crumb
0%
une carafe de vin a decanter
0%
une friteuse électrique a deep-fat fryer
0%
un robot culinaire a food processor
0%
une fourchette a fork
0%
une tourte aux fruits a fruit pie
0%
un invité, un hôte a guest
0%
une part, une portion a helping
0%
un pichet, une carafe a jug
0%
une brochette a kebab
0%
une bouilloire a kettle
0%
une cuisine a kitchen
0%
un couteau a knife
0%
un gigot a leg of lamb
0%
une liqueur a liqueur
0%
un pain a loaf
0%
un morceau de sucre a lump of sugar
0%
un micro-ondes a microwave
0%
un amuse-gueule an appetizer
0%
un œuf an egg
0%
une auberge an inn
0%
un four an oven
0%
un moulin à poivre a pepper mill
0%
un poivrier a pepper pot
0%
une pinte (0,565 l) a pint
0%
une marmite a pot
0%
un autocuiseur a pressure cooker
0%
un pub a pub
0%
une recette a recipe
0%
un petit pain a roll
0%
un rouleau à pâtisserie a rolling pin
0%
une tournée a round
0%
une salière a salt-cellar
0%
une casserole a saucepan
0%
une soucoupe a saucer
0%
une épaule d'agneau a shoulder of lamb
0%
une petite assiette a side plate
0%
une brochette a skewer
0%
une cuillerée a spoonful
0%
un hors-d'œuvre a starter
0%
un ragoût a stew
0%
un sucrier a sugar basin
0%
une nappe a tablecloth
0%
un dessous-de-plat a table mat
0%
une tarte a tart
0%
un service à thé a teaset
0%
un grille-pain a toaster
0%
un plateau a tray
0%
une gâterie, un régal a treat
0%
un millésime a vintage
0%
un serveur, une serveuse a waiter
0%
un pourboire a waitress , a tip
0%
un verre à vin a wine glass
0%
des œufs au bacon bacon and eggs
0%
le bœuf beef
0%
la bière beer , ale
0%
la bière anglaise bitter
0%
des œufs à la coque boiled eggs
0%
des pommes de terre à l'eau boiled potatoes
0%
le cognac, la fine brandy
0%
le bouillon broth
0%
le sucre roux brown sugar
0%
le bourgogne burgundy
0%
le beurre butter
0%
le sucre en poudre caster sugar
0%
la restauration catering
0%
fromage et biscuits salés cheese and biscuits
0%
la porcelaine china
0%
le cidre cider
0%
le bordeaux claret
0%
du film étirable cling film
0%
le café coffee
0%
la cuisine cooking
0%
la batterie de cuisine cooking utensils
0%
du fromage blanc cottage cheese
0%
la crème fraîche cream
0%
croustillant crisp
0%
des chips crisps
0%
la vaisselle crockery
0%
la poudre de cari curry powder
0%
les couverts cutlery
0%
délicatement delicate
0%
les plats dishes
0%
la pâte (à pain, etc.) dough
0%
la bière pression draught beer
0%
les boissons drinks
0%
gras, gros fat
0%
du poisson avec des frites fish and chips
0%
des bâtonnets de poisson fish fingers
0%
la saveur flavour
0%
la farine flour
0%
frugal, simple frugal
0%
l'ail garlic
0%
le gin-tonic gin and tonic
0%
le sucre cristallisé granulated sugar
0%
de la sauce de viande gravy
0%
voracement greedily
0%
gourmand greedy
0%
lourd heavy
0%
chaud, épicé hot
0%
la bière blonde lager
0%
l'agneau lamb
0%
copieux, plantureux lavish
0%
généreusement lavishly
0%
maigre lean
0%
légèrement light
0%
les boissons alcoolisées liquor
0%
le déjeuner lunch
0%
de la purée mashed potatoes
0%
les repas meals
0%
la viande meat
0%
à point medium
0%
la moutarde mustard
0%
le mouton mutton
0%
trop cuit overdone
0%
trop bien nourri overfed
0%
le persil parsley
0%
la pâte (brisée, etc.) pastry
0%
la pâtisserie pastry
0%
des petits légumes au vinaigre pickles
0%
copieux plentiful
0%
l'eau-de-vie de prune plum brandy
0%
la volaille poultry
0%
les raisins secs raisins
0%
affamé, vorace ravenous
0%
de la dinde rôtie roast turkey
0%
la vinaigrette salad dressing
0%
salé salty
0%
de la sauce sauce
0%
les fruits de mer seafood
0%
l'assaisonnement seasoning
0%
les crustacés shellfish
0%
du hachis Parmentier shepherd's pie
0%
le xérès sherry
0%
du pain en tranches sliced bread
0%
du haddock smoked haddock
0%
les boissons non alcoolisées soft drinks
0%
la soupe soup
0%
aux épices, épicé spiced
0%
très relevé spicy
0%
rassis stale
0%
de la tourte au bœuf et aux rognons steak and kidney pie
0%
bourratif stodgy
0%
copieux substantial
0%
le souper supper
0%
le service à table table service
0%
le goût taste
0%
l'heure du thé teatime
0%
l'addition the bill
0%
le plat principal the main course
0%
du pain grillé toast
0%
cuire au four to bake
0%
griller au charbon de bois to barbecue
0%
battre to beat
0%
faire bouillir to boil
0%
faire infuser (thé), brasser (bière) to brew
0%
découper (viande) to carve
0%
préparer un repas to cater for
0%
hacher (au couteau) to chop
0%
cuisiner, faire cuire to cook
0%
accommoder to dress
0%
manger to eat
0%
tout manger, finir to eat up
0%
recevoir to entertain
0%
jeûner to fast
0%
nourrir to feed
0%
remplir to fill
0%
faire frire, faire revenir to fry
0%
moudre to grind
0%
engloutir to gulp down
0%
s'empiffrer, boire goulûment to guzzle
0%
faire passer to hand round
0%
décortiquer, écosser to hull
0%
pétrir to knead
0%
lécher to lick
0%
hacher (au hachoir) to mince
0%
mélanger to mix
0%
commander to order
0%
peler, éplucher to peel
0%
faire un pique-nique to picnic
0%
verser to pour
0%
rôtir to roast
0%
incorporer to rub in, to fold
0%
savourer to savour
0%
assaisonner to season
0%
servir to serve
0%
partager, répartir to share out
0%
mijoter to simmer
0%
boire à petites gorgées to sip
0%
trancher (couper en rondelles) to slice
0%
tartiner, répartir to spread
0%
cuire en ragoût to stew
0%
remuer, agiter to stir
0%
donner un pourboire to tip
0%
griller (pain, etc.) to toast
0%
régaler to treat
0%
dur tough
0%
servir to wait on
0%
fouetter to whip
0%
saignant underdone , rare
0%
le veau veal
0%
les légumes vegetables
0%
le vinaigre vinegar
0%
bien cuit well done
0%
le whisky-soda whisky and soda
0%
la levure yeast
0%
Aucun quiz correspondant
Distribution des résultats
% des personnes avec chaque résultat
Percentile par nombre de réponses
Votre historique - résultats
Vous n’avez pas pris ce quiz depuis la dernière actualisation